Word Ladder: Previously a Capital Quiz Stats

Quiz Updated Jun 12, 2016

Challenge
Share
Tweet
Embed
Score 0/20 Timer 03:00
0 Plays Today
Clue 3-Letter Word % Correct
___ de Janeiro, previous capital of BrazilRIO
98.2%
A place to get a drinkBAR
98.1%
Officially prohibitBAN
97.3%
A tear in paper or clothingRIP
96.7%
A drink just enough to wet the lipsSIP
96.1%
What to ask forgiveness forSIN
95.8%
Person's life historyBIO
95.7%
___ Jose de Oruña, capital of Spanish TrinidadSAN
95.5%
___ Aviv, interim de facto capital of Israel in 1948TEL
94.8%
Subtract's oppositeADD
93.2%
Clue 3-Letter Word % Correct
Exclamation used to startleBOO
89.9%
Do like a doveCOO
87.5%
Word after 'first' or 'foreign'AID
85.6%
Preposition between two times'TIL
85.3%
To be under the weatherAIL
84.5%
Business honchoCEO
84.4%
Different from what is to be expectedODD
83.7%
Animated cartoon frameCEL
82.6%
___ Road Town, former capital of St. Kitts & NevisOLD
77.6%
___ es Salaam, formerly the capital of TanzaniaDAR
67.2%

Today's Daily Dose

Missing Word
1998 A-Z Movies

Word Ladder
5 Vowel Sounds

Quick Pick
Legal Terms

On This Day
June 25th II

You're not logged in!

Compare scores with friends on all Sporcle quizzes.
Join for Free
OR
Log In

You Might Also Like...

Show Comments

Extras

Top Quizzes Today


Score Distribution

Your Account Isn't Verified!

In order to create a playlist on Sporcle, you need to verify the email address you used during registration. Go to your Sporcle Settings to finish the process.

Report this User

Report this user for behavior that violates our Community Guidelines.

Details: